| 000 | 00879ntm a22002537a 4500 | ||
|---|---|---|---|
| 999 |
_c1039 _d1039 |
||
| 008 | 191121s2019 ii abd|grm|||a00| 0 eng d | ||
| 040 |
_aKO _beng |
||
| 041 | 0 | _aeng | |
| 044 | _aii | ||
| 082 | 0 | 4 |
_223 _a378.242 _bPRM1745 |
| 100 | 1 |
_aSha, Naveen _eResearcher |
|
| 245 | 1 | 2 |
_aA Study on Gate Optimization and Reducing The Turn Around Time in Visakha Container Terminal / _cNaveen Sha ; Guide Dr. Sreejith U. |
| 260 |
_aKochi : _bIndian Maritime University, _c2019 |
||
| 300 |
_a[40] p. : _bill., charts, maps ; _c29 cm. |
||
| 490 | 0 |
_aMBA Project 2017-19 ; _v1705304015 |
|
| 502 | _aProject (MBA)–Indian Maritime University. School of Maritime Management, 2019. | ||
| 650 | 0 |
_aContainer terminals _zIndia |
|
| 655 | 7 |
_2lcsh _aDissertations, Academic _y2019 |
|
| 700 | 1 |
_aU., Sreejith, _cDr. _eGuide |
|
| 904 | _aRUDRA_R | ||
| 905 | _aR_RANJAN | ||
| 942 | _cTH | ||